000 00751nam0a22002171 4500
001 rc\815738
005 20250622002454.0
035 _a(NLR Aleph) 005998747
090 _a7205838
_c7205838
100 _a20041129d1984 |||y0rusy50 ca
101 0 _arus
102 _aRU
105 _aa |||||||||
200 1 _aШедевры русской живописи
_eГос. Рус. музей, Арханг. музей изобраз. искусств
_e[Кат. выст.]
_f[Вступ. ст. С.В. Миненков]
210 _aВельск
_cБ. и.
_d1984
215 _a1 л., слож. в [6] с., 9 отд. л. ил.
_cил.
_d16
801 0 _aRU
_bNLR
_gpsbo
801 1 _aRU
_bELAR
_2rusmarc
852 _aNLR
_bЭ
_jКА913/1984
942 _cBOOK
980 _aNB